|
|
|
|
| LEADER |
00000nam a2200000Ia 4500 |
| 008 |
150731b1976 cr ||||| |||| 00| | spa d |
| 999 |
|
|
|c 153
|d 153
|
| 090 |
|
|
|a 05.03.02
|b 369
|
| 110 |
2 |
|
|9 2925
|a Centro Multinacional de Investigación Educativa (CEMIE)
|
| 245 |
1 |
0 |
|a Las escalas facetizadas: una técnica de exploración de actitudes en educación
|
| 260 |
|
|
|a San José, Costa Rica :
|b CEMIE,
|c 1976
|
| 300 |
|
|
|a viii, 348 páginas
|
| 500 |
|
|
|a El Centro Multinacional de Investigación Educativa (CEMIE) es un proyecto OEA-MInisterio de Educación Pública de Costa Rica. Este centro funciona bajo auspicios del Programa Regional de Desarrollo Educativo de la Organización de los Estados Americanos
|
| 650 |
1 |
4 |
|a ACTITUDES
|9 611
|
| 650 |
1 |
4 |
|a EDUCACIÓN
|9 1
|
| 650 |
1 |
4 |
|a COMPORTAMIENTO
|9 298
|
| 942 |
|
|
|i 00509
|h 05.03.02 369
|2 z
|c 01
|